00461 2200181 4500001002100000005001500021008004100036020001800077035001900095041000700114082001100121090001700132100003200149700001800181245004800199260001800247650001400265INLIS00000000000805220241224113559241224||||||||| | ||| |||| || |  a979-9542-25-1 0010-1224008052 aid0 a639.34 a639.34 SUR m0 aSuwandi Surya ( Aw Yen Sun)0 aM. Sitanggang00aMemilih dan Merawat Lou Han Kualitas Kontes aJakartac2002 0aPerikanan